| 000 | 00941cam a22003013a 4500 | ||
|---|---|---|---|
| 999 |
_c9336 _d9336 |
||
| 001 | 15634987 | ||
| 003 | OSt | ||
| 005 | 20210112160657.0 | ||
| 008 | 830706s1982 cau 000 0 eng d | ||
| 010 | _a 2009389221 | ||
| 020 | _a0883681072 | ||
| 020 | _a9780883681077 | ||
| 035 | _a(OCoLC)ocm09671811 | ||
| 035 | _a(OCoLC)9671811 | ||
| 040 |
_aTBI _cTBI _dPBE _dOCLCQ _dBTCTA _dYDXCP _dDLC |
||
| 042 | _alccopycat | ||
| 050 | 0 | 0 | _aCPB Box no. 2659 vol. 5 |
| 100 | 1 | _aCole, Edwin Louis. | |
| 245 | 1 | 0 |
_aMaximized manhood : _ba guide to family survival / _cEdwin Louis Cole. |
| 260 |
_aSpringdale, PA. : _bWhitaker House, _cc1982. |
||
| 300 |
_a176 p. ; _c18 cm. |
||
| 650 | 0 |
_aFamilies _xReligious life. |
|
| 650 | 0 |
_aMen _xReligious life. |
|
| 710 | 2 |
_aCopyright Paperback Collection (Library of Congress) _5DLC |
|
| 906 |
_a7 _bcbc _ccopycat _d2 _encip _f20 _gy-genrareb |
||
| 942 |
_2ddc _cBK |
||